Eduardo Calsamiglia : obra literaria /

Na minha lista:
Detalhes bibliográficos
Autor principal: Quesada Soto, Álvaro 1945-2001 (compilador)
Outros Autores: Lobo Bejarano, Luis Gustavo (compilador)
Formato: Desconhecido
Idioma:Spanish
Publicado em: San José, Costa Rica: Editorial de la Universidad de Costa Rica, 2006.
Assuntos:
Tags: Adicionar Tag
Sem tags, seja o primeiro a adicionar uma tag!

MARC

LEADER 000000000a22000000004500
001 000277
008 180611b xxu||||| |||| 00| 0 spa d
020 |a 9968936677 
041 0 |a spa 
082 0 4 |a CR861.082  |b C141e 
100 1 |a Quesada Soto, Álvaro  |d 1945-2001  |e compilador 
245 1 0 |a Eduardo Calsamiglia :  |b obra literaria /  |c Álvaro Quesada Soto, Luis Gustavo Lobo Bejarano compiladores 
260 1 |a San José, Costa Rica:   |b Editorial de la Universidad de Costa Rica,   |c 2006. 
300 |a xix, 600 páginas  |b ilustraciones, retratos 
650 4 |a CALSAMIGLIA ARIAS, EDUARDO, 1880-1918 
650 4 |a BIOGRAFIAS 
650 4 |a CRITICAS 
650 4 |a LITERATURA COSTARRICENSE  |v POESIA  |v COLECCIONES  |x TEATRO 
700 1 |a Lobo Bejarano, Luis Gustavo  |e compilador 
942 |2 ddc  |c BK 
999 |c 1097  |d 1097